Bharatio sangbidhan (Record no. 748)

MARC details
000 -LEADER
fixed length control field 00516cam a2200205ua 4500
001 - CONTROL NUMBER
control field 824
005 - DATE AND TIME OF LATEST TRANSACTION
control field 20260515113229.0
008 - FIXED-LENGTH DATA ELEMENTS--GENERAL INFORMATION
fixed length control field 110420n ii |||gr||||Z||||||asm
040 ## - CATALOGING SOURCE
Transcribing agency MAIN
082 ## - DEWEY DECIMAL CLASSIFICATION NUMBER
Classification number 342.54
245 1# - TITLE STATEMENT
Title Bharatio sangbidhan
Statement of responsibility, etc. by Phanidhar Kalita
250 ## - EDITION STATEMENT
Edition statement 2nd.
260 ## - PUBLICATION, DISTRIBUTION, ETC.
Place of publication, distribution, etc. Guwahati:
Name of publisher, distributor, etc. Loyarsh book stall,992.
300 ## - PHYSICAL DESCRIPTION
Extent 324p:2cm.
653 ## - INDEX TERM--UNCONTROLLED
Uncontrolled term political science
653 ## - INDEX TERM--UNCONTROLLED
Uncontrolled term Bharatia songbidhan
653 ## - INDEX TERM--UNCONTROLLED
Uncontrolled term Indian constitution
700 ## - ADDED ENTRY--PERSONAL NAME
Personal name Kalita, Phanidhar.,
Relator term Author.
942 ## - ADDED ENTRY ELEMENTS (KOHA)
Koha item type Books
Holdings
Withdrawn status Lost status Damaged status Not for loan Home library Current library Shelving location Date acquired Total checkouts Full call number Barcode Date last seen Copy number Price effective from Koha item type
        Naharkatiya College Library Naharkatiya College Library General stacks 09/19/2020   342.54 | KAL 982 09/19/2020 1 09/19/2020 Books